Statistics for Singapore Airlines Destinations on a Map

Click here to take the quiz!

General Stats

  • This quiz has been taken 1,959 times
  • The average score is 50 of 62

Answers on the Map

Answers color-coded by a green-red scale on the quiz's map according to % correct below.
 

Answer Stats

Destinations% Correct
London
96%
Sydney
95%
Tokyo Haneda
95%
Tokyo Narita
95%
Paris
94%
Newark
93%
New York City
93%
Beijing
92%
Seoul
92%
Los Angeles
91%
Moscow
91%
Rome
91%
Madrid
90%
New Delhi
90%
Dubai
89%
Kuala Lumpur
89%
Melbourne
89%
Bangkok
88%
Perth
88%
Singapore
88%
Jakarta
87%
Shanghai
87%
Cape Town
86%
Mumbai
86%
Amsterdam
85%
Auckland
85%
Barcelona
85%
Hong Kong
85%
Manila
85%
San Francisco
85%
Istanbul
84%
Taipei
84%
Osaka
83%
Frankfurt
82%
Manchester
82%
Milan
82%
Warsaw
82%
Johannesburg
81%
Munich
81%
Copenhagen
80%
Seattle
80%
Hanoi
79%
Zürich
79%
Ho Chi Minh City
78%
Houston
78%
Brisbane
75%
Adelaide
73%
Dhaka
72%
Christchurch
71%
Colombo
71%
Denpasar
70%
Malé
70%
Guangzhou
69%
Busan
66%
Kolkata
66%
Bandar Seri Begawan
65%
Bengaluru
57%
Yangon
56%
Nagoya
54%
Surabaya
47%
Ahmedabad
45%
Fukuoka
44%

Score Distribution

Percentile by Number Answered

Percent of People with Each Score

Your Score History

You have not taken this quiz